000 00749nam a2200277 a 4500
003 AR-BaBNM
005 20251128203835.0
008 082120s2002 ||||||||||||||000 | spa||
040 _cAR-BaBNM
100 1 _aCenturión, Carlos R.
245 0 0 _aHistoria de las letras paraguayas
_bépoca precursora, época de formación
260 _aBuenos Aires
_bAyacucho
_c1947
300 _a332 p.
500 _aContiene índice alfabético
650 4 _aHISTORIA LITERARIA
650 4 _aMITOLOGIA
650 4 _aANALISIS LITERARIO
650 4 _aAUTORES
650 4 _aPERIODO INDEPENDIENTE
650 4 _aMISIONES JESUITICAS
650 4 _aPERIODISMO
653 _aLITERATURA PARAGUAYA
655 _aLITERATURA
942 _cBK
998 _cisola
999 _c5133
_d5133